00925cam a2200277 a 4500001000500000005001700005008004100022020001800063040002300081050002300104082001200127100003000139245008000169250001200249260003400261300004100295505000800336520012500344521002000469521002000489650003400509650002000543650003300563650002000596700003100616148020230828100940.0010918s2003 nyua b 000 1 eng  a9780439301831 aDLCcDLCdDLCbeng00aPZ7.P3856bSm 200300aFic2211 aPennypacker, Sara,d1951-10aStuart goes to school /cby Sara Pennypacker ; illustrated by Martin Matje. a1st ed. aNew York :bScholastic,c2003 a55 pages : billustrations ;c20 cm  aO  aWorried about his first day at a new school, eight-year-old Stuart wears his magic cape and hopes that it will help him. a630 bLexile  aO bRaz-Plus  1aFirst day of schoolvFiction. 1aWorryvFiction. 1aClothing and dressvFiction. 1aMagicvFiction.1 aMatje, Martineillustrator